Statistiche per Nomi italiani di città straniere - Americhe

Clicka qui per fare il quiz!

Statistiche generali

  • Questo quiz è stato fatto 71 volte
  • Il punteggio medio è 8 su 8

Statistiche sulle risposte

Nome localeNome italiano% Corretto
Ciudad de Mexico (Messico)Città del Messico
98%
Philadelphia (Stati Uniti)Filadelfia
98%
Sao Paulo (Brasile)San Paolo
98%
Ciudad de Panama (Panama)Panama
97%
Santiago de Chile (Cile)Santiago del Cile
97%
Baltimore (Stati Uniti)Baltimora
95%
Ciudad de Guatemala (Guatemala)Città del Guatemala
93%
La Habana (Cuba)L'Avana
88%

Distribuzione punteggi

Percentile per numero di risposta

Percentuale di utenti per punteggio

I tuoi punteggi nel tempo

Non hai fatto questo quiz